Statistiques concernant Les divisions de championnats dans le handball français

Cliquez ici pour prendre le quiz!

Statistiques générales

  • Ce quiz a été pris 156 fois
  • Le résultat moyen est 6 sur 10

Statistiques - réponses

HintRéponse% Correct
1D1
96%
2D2
96%
3N1
94%
4N2
94%
5N3
93%
6Prénat
82%
7Région Excellence
18%
8Région Honneur
17%
10Honneur Départementale
7%
9Excellence Départementale
5%

Distribution des résultats

Percentile par nombre de réponses

% des personnes avec chaque résultat

Votre développement - résultats

Vous n’avez pas pris ce quiz